000 01283nam a22003977a 4500
001 BR2022000230
003 BR-BrBNA
005 20230928105625.0
007 ta
008 230509b bl.||||| |||| 00| 0 por d
020 _a978-65-00-22876-2
040 _aBR-BrBNA
_bpor
_cBiblioteca Nacional de Agricultura
041 _a(Por)
072 _aD50; E11
090 _ D50 BR2022000230
100 1 _aMiranda, J.P.R. de (ed.)
100 1 _aCardoso, H.B. (ed.)
100 1 _aScapini, C. (ed.)
100 1 _aCarvalho, L.G. (ed.)
100 1 _aJablonski, P.I. (ed.)
100 1 _aSilva, S.T.L. da (ed.)
110 1 _aUniversidade Federal do Pampa, Santana do Livramento, RS (Brasil)
_911073
110 1 _aUnião Brasileira dos Agraristas Universitários, Porto Alegre, RS (Brasil)
245 1 _aDireito agrário na prática: casos jurídicos reais sob a percepção das mulheres agraristas
260 3 _aSantana do Livramento, RS (Brasil):
_c2021.
300 _a367 p.
500 _aIncludes several bibliographies; 3 graphs
650 _aDIREITO AGRÁRIO
650 _aLEGISLAÇÃO AGRÁRIA
650 _aUSUCAPIÃO
650 _aAGRONEGÓCIO
650 _aAGROTÓXICO
650 _aCRÉDITO RURAL
909 _a202309
_bLucia
_c55
_dLucia Elande
942 _cBK
999 _c85926
_d85926